00674pam a2200229 i 4500001001400000003000400014005001700018008004100035015001400076020003800090040003900128082001700167100002600184245003900210264005500249300002300304336002100327337002500348338002300373650003000396650001800426vtls000730476PNM20221219095759.0160506s2014 my e 000 f may  aM14-07089 a9789831249291qpaperbackcRM00.00 aBNMbengcBNMdBNMdPNMdPPAKerda04a899.23332230 aEmy Raziela,eauthor.10aKasih Usah Terlerai /cEmy Raziela 1aShah Alam, Selangor :bGRUP BUKU KARANGKRAF,c2014 a523 pages ;c19 cm atext2rdacontent aunmediated2rdamedia avolume2rdacarrier10aMalaysian fiction (Malay)20aMalay fiction